Artificial integrity : (Record no. 24313)
[ view plain ]
| 000 -LEADER | |
|---|---|
| fixed length control field | 00671nam a22001935i 4500 |
| 020 ## - INTERNATIONAL STANDARD BOOK NUMBER | |
| ISBN | 9781394297986 |
| 041 ## - LANGUAGE CODE | |
| Language code of text/sound track or separate title | English |
| 082 ## - DEWEY DECIMAL CLASSIFICATION NUMBER | |
| Classification number | 006.3 |
| Item number | MAN |
| 100 1# - MAIN ENTRY--AUTHOR NAME | |
| Author name | Mann, Hamilton, |
| 245 10 - TITLE STATEMENT | |
| Title | Artificial integrity : |
| Statement of responsibility, etc | Hamilton Mann. |
| Sub Title | the paths to leading AI toward a human-centered future / |
| 260 ## - PUBLICATION, DISTRIBUTION, ETC. (IMPRINT) | |
| Place of publication | United Kingdom : |
| Name of publisher | John Wiley and Sons , |
| Year of publication | 2025. |
| 300 ## - PHYSICAL DESCRIPTION | |
| Number of Pages | xxiii, 279 pages : |
| Other physical details | illustrations ; |
| Dimensions | 24 cm. |
| 504 ## - BIBLIOGRAPHY, ETC. NOTE | |
| Bibliography, etc | Includes bibliographical references and index. |
| 650 ## - SUBJECT ADDED ENTRY--TOPICAL TERM | |
| Subject | Artificial intelligence |
| General subdivision | Moral and ethical aspects. |
| 650 ## - SUBJECT ADDED ENTRY--TOPICAL TERM | |
| Subject | Technology |
| General subdivision | Social aspects. |
| 650 ## - SUBJECT ADDED ENTRY--TOPICAL TERM | |
| Subject | Human-centered computing. |
| 942 ## - ADDED ENTRY ELEMENTS (KOHA) | |
| Source of classification or shelving scheme | Dewey Decimal Classification |
| Koha item type | Books |
| Withdrawn status | Lost status | Source of classification or shelving scheme | Damaged status | Not for loan | Home library | Current library | Shelving location | Date acquired | Source of acquisition | Bill Date | Full call number | Accession Number | Price effective from | Koha item type |
|---|---|---|---|---|---|---|---|---|---|---|---|---|---|---|
| Dewey Decimal Classification | Institute of Public Enterprise, Library | Institute of Public Enterprise, Library | S Campus | 04/16/2026 | Atlantic Publishers and Distributors | 28/03/2026 | 006.3 MAN | 51024 | 04/16/2026 | Books |

2cqr automation private limited, Chennai. All Rights Reserved.